Die 50 besten DFB-Pokal Teilnehmer - Statistiken

Allgemein
  • Dieses Quiz wurde 342 mal gespielt
  • Das Durchschnittsergebnis liegt bei 39 aus 50
Antwortstatistiken
Hint Antwort % Korrekt
1 FC Bayern München
100%
6 Borussia Dortmund
99%
3 Werder Bremen
98%
2 FC Schalke 04
96%
9 Hamburger SV
96%
4 VfB Stuttgart
95%
41 RB Leipzig
94%
32 Stuttgarter Kickers
94%
7 Eintracht Frankfurt
93%
45 FSV Frankfurt
93%
5 1. FC Köln
91%
10 1. FC Nürnberg
91%
8 Borussia Mönchengladbach
91%
36 SC Fortuna Köln
91%
14 Bayer 04 Leverkusen
90%
50 Freiburger FC
89%
21 SC Freiburg
89%
30 1. FSV Mainz 05
87%
13 Hertha BSC
87%
11 1. FC Kaiserslautern
85%
44 1. FC Union Berlin
85%
34 FC Augsburg
85%
18 Hannover 96
84%
22 VfL Wolfburg
84%
12 Fortuna Düsseldorf
83%
33 FC St. Pauli
80%
40 Holstein Kiel
80%
16 VfL Bochum
79%
29 Rot-Weiss Essen
78%
48 Schwarz-Weiß Essen
78%
37 1. FC Saarbrücken
77%
25 Eintracht Braunschweig
76%
28 SpVgg Greuther Fürth
76%
15 Karlsruher SC
75%
39 TSG 1899 Hoffenheim
75%
19 TSV 1860 München
74%
27 Arminia Bielefeld
72%
43 Hansa Rostock
72%
24 Alemannia Aachen
71%
17 MSV Duisburg
71%
20 SV Waldhof Mannheim
64%
35 SV Darmstadt 98
62%
31 VfL Osnabrück
55%
23 Kickers Offenbach
54%
46 SSV Ulm 1846
52%
26 KFC Uerdingen 05
51%
42 Rot-Weiß Oberhausen
44%
47 Tennis Borussia Berlin
38%
38 FC 08 Homburg
31%
49 SG Wattenscheid 09
25%
Keine übereinstimmenden Quizze gefunden
Verteilung der Resultate
Anzahl Personen mit jedem Resultat
Perzentil nach korrekt beantworteten Fragen
Ihre Resultats-Entwicklung
Sie haben dieses Quiz noch nicht gespielt